000
00269nam a2200121 a 4500
005
20141022142000.0
008
090305s19uu xx 00 eng d
050
_a
VHS
_b
YE3 1989
245
_a
The Yearling.
650
_a
VHS.
650
_a
The Yearling
942
_c
AVM
999
_c
276209
_d
276209